|
|
|
|
| LEADER |
01204nam a2200253 a 4500 |
| 001 |
GR-Patra31078 |
| 008 |
g50513s2000 gr gWb 001 0 a d |
| 020 |
|
|
|a 3764342048
|
| 020 |
|
|
|a 46791141
|
| 082 |
|
0 |
|4 070
|a Debnath
|b Lokenath
|
| 100 |
0 |
|
|a Birkhauser
|
| 245 |
1 |
0 |
|a Boston =
|b c2002.
|
| 246 |
|
4 |
|3 250003362720001025172625
|a Signal processing
|x Mathematics
|
| 260 |
|
|
|a xv, 565 p. :
|b ill.
|
| 300 |
|
|
|a Το αντίτυπο με αρ.εισαγωγής 50836 βρίσκεται στην Βιβλιοθήκη του Παραρτήματος Πύργου του Τμήματος Πληροφορικής και ΜΜΕ.
|
| 504 |
|
|
|a Περιλαμβάνει βιβλιογραφικές παραπομπές (σ. [540]-553) και ευρετήριο.
|
| 504 |
1 |
|
|a Wavelet transforms & their applications
|
| 650 |
1 |
0 |
|a 621.3822
|v 22nd ed.
|
| 650 |
1 |
0 |
|a Wavelets (Mathematics)
|
| 712 |
|
|
|a 50836:
|c 20120517
|u 1
|q 15
|r 0
|s 0
|
| 942 |
|
|
|2 ddc
|
| 952 |
|
|
|0 0
|1 0
|2 ddc
|4 0
|6 621_382200000000000_DEB
|7 1
|9 313632
|a LISK
|b LISK
|c BSC
|d 2021-01-17
|e 24
|f 0
|g 0.00
|l 0
|o 621.3822 DEB
|p 92410050837
|r 2021-01-17 00:00:00
|t 1
|w 2021-01-17
|y BKN
|x 20120517 0 0
|x GrPaTEI
|
| 971 |
|
|
|a .b26786503
|b 01-10-20
|c 26-09-16
|
| 999 |
|
|
|c 179425
|d 179425
|